Normal view
MARC view
Entry Geographic Name
001 - CONTROL NUMBER
- control field: 18342
003 - CONTROL NUMBER IDENTIFIER
- control field: ARRUPE
005 - DATE AND TIME OF LATEST TRANSACTION
- control field: 20150716171058.0
008 - FIXED-LENGTH DATA ELEMENTS
- fixed length control field: 150716|| aca||aabn | a|a d
040 ## - CATALOGING SOURCE
- Original cataloging agency: ARRUPE
- Transcribing agency: ARRUPE
151 ## - HEADING--GEOGRAPHIC NAME
- Geographic name: China
- General subdivision: Intellectual life.
670 ## - SOURCE DATA FOUND
- Source citation: Work cat.: (ARRUPE)0: Needham, Joseph, 1900-1995. 18340, The shorter Science and civilisation in China :, 1978-<1995 >